01009nam a2200289 a 4500001001900000003000400019005001700023008004100040017002000081020001800101035003900119035002500158035002300183035002100206040002400227080000700251100002200258245011600280260005400396300003100450504001700481650007600498650006800574700002600642700002600668830002500694991010551929706706OSt20211216112333.0091022s2009 sp d |||||| 000 0 spa c aDL S. 1179-2009 a9788496082908 a(ES-BaCBU)b4255522x-34csuc_network a(ES-BaCBU).b4255522x a(ccuc001)b4255522x a(OCoLC)804331474 aES-BaCBUbcatcCDMR a071 aMateo, Rosario de10aGestión de empresas de comunicación /cRosario de Mateo Pérez, Laura Bergés Saura, Marta Sabater Casals aSevilla ;aZamora :bComunicación Social,c2009 a284 p. :bgràf. ;c24 cm aBibliografia 7aMitjans de comunicació de massaxDirecció i administració.2lemac 7aEmpreses periodístiquesxDirecció i administració.2lemac1 aBergés Saura, Laura1 aSabater Casals, Marta 0aPeriodística ;v30